Derecho Procesal Constitucional
I tiakina i:
| Kaituhi matua: | |
|---|---|
| Hōputu: | Pukapuka |
| Reo: | Pāniora |
| I whakaputaina: |
Madrid
Civitas S.A
1980
|
| Putanga: | 1a. ed |
| Ngā marau: | |
| Urunga tuihono: | portada |
| Ngā Tūtohu: |
Tāpirihia he Tūtohu
Kāore He Tūtohu, Me noho koe te mea tuatahi ki te tūtohu i tēnei pūkete!
|
MARC
| LEADER | 00000cam a2200000 a 4500 | ||
|---|---|---|---|
| 001 | UCB0268 | ||
| 003 | CL-VaPUC | ||
| 005 | 20220930102853.0 | ||
| 008 | 191220e19800000sp spa d | ||
| 020 | |a 8473981081 | ||
| 082 | 0 | 4 | |a 342 |b GON |2 21 |
| 100 | |a González Pérez, Jesús |e author |9 487526 | ||
| 245 | 1 | 0 | |a Derecho Procesal Constitucional |
| 250 | |a 1a. ed | ||
| 260 | |a Madrid |b Civitas S.A |c 1980 | ||
| 300 | |a 392 p | ||
| 583 | |a last modification |c 20191220 13:26:00 |k Rodrigo Vera | ||
| 650 | 0 | 7 | |a DERECHO PROCESAL CONSTITUCIONAL |2 CL-VaPUC |9 525852 |
| 856 | 7 | |f UCB0268_01.jpg |q JEPG |2 file |z portada |u http://opac.pucv.cl/pucv_img/Img-0000/UCB0268_01.jpg | |
| 942 | |c BK | ||
| 945 | |a dcastane |d 20191220 13:26:00 | ||
| 999 | |c 376402 |d 376400 | ||
| 952 | |0 0 |1 0 |3 erd |4 0 |6 342_000000000000000_GON_1980 |7 0 |8 ? |9 495794 |a BIBDER |b BIBDER |e Precht Pizarro, Jorge Enrique |i 5609887 |o 342 GON 1980 |p 5609887 |r 2023-01-25 |w 2020-01-06 |y BK |z Catalogado en:20191220 |k DER | ||